Quiz sur le livre Harry Potter à l'école des sorciers - Statistiques

Statistiques générales
  • Ce quiz a été pris 222 fois
  • Le résultat moyen est 15 sur 33
Statistiques - réponses
Information Réponse % Correct
Personnage Harry Potter
98%
Auteure JK Rowling
97%
Personnage Hermione Granger
91%
Personnage Ron Weasley
91%
Personnage Albus Dumbledore
85%
Personnage Minerva Mcgonagall
77%
Personnage Rubeus Hagrid
76%
Personnage Severus Rogue
72%
Personnage Drago Malefoy
66%
Année de parution 1997 et 1998
65%
Personnage Quirinus Quirrell
60%
Personnage Voldemort
60%
Chapitre 6 Rendez-vous sur la voie 9 3/4
47%
Titre original Harry Potter ans the Philosopher's Stone
41%
Chapitre 5 Le Chemin de Traverse
32%
Chapitre 1 Le survivant
31%
Chapitre 10 Halloween
30%
Chapitre 15 La Forêt interdite
29%
Chapitre 12 Le Miroir du Riséd
29%
Chapitre 16 Sous la trappe
27%
Chapitre 13 Nicolas Flamel
26%
Chapitre 11 Le match de Quidditch
25%
Chapitre 17 L'homme aux deux visages
25%
Chapitre 7 Le Choixpeau magique
24%
Chapitre 4 Le gardien des Clés
24%
Chapitre 9 Duel à minuit
23%
Chapitre 8 Le maitre des potions
23%
Chapitre 2 Une vitre disparait
23%
Traducteur (Français) Jean-François Ménard
21%
Chapitre 3 Les lettres de nulle part
21%
Chapitre 14 Norbert le dragon
21%
Nombre de traductions 74
9%
Nombre d'exemplaire vendus dans le monde entier 107 millions
1%
Aucun quiz correspondant
Distribution des résultats
% des personnes avec chaque résultat
Percentile par nombre de réponses
Votre historique - résultats
Vous n’avez pas pris ce quiz